[Event "Ä15Â"]
[Site "Loo"]
[Date "2017.04.27"]
[Round "8.2"]
[White "Áóëàòîâà, Êàìàëèÿ."]
[Black "Âèíîêóð, Þëèÿ."]
[Result "1-0"]
[WhiteElo "1957"]
[BlackElo "2233"]
[PlyCount "57"]
[EventDate "2017.04.20"]

1. d4 e6 2. c4 c5 3. d5 exd5 4. cxd5 d6 5. Nc3 Nf6 6. e4 g6 7. f4 Bg7 8. Bb5+
Nfd7 9. Be2 O-O 10. Nf3 Re8 11. O-O Bxc3 12. bxc3 Rxe4 13. Bd3 Re8 14. c4 Nf6
15. Qc2 b5 16. Bb2 Nbd7 17. f5 Kg7 18. fxg6 hxg6 19. Bxg6 fxg6 20. Nh4 Ne5 21.
Bxe5 Bf5 22. Nxf5+ gxf5 23. Bb2 Re5 24. Bxe5 dxe5 25. Rxf5 Ng4 26. Qe4 Kh6 27.
Qxe5 Kh7 28. Rf6 Qd7 29. Qe4+ 1-0

[Event "Ä15Â"]
[Site "Loo"]
[Date "2017.04.27"]
[Round "8.3"]
[White "Ìèðîøíèê, Åêàòåðèíà."]
[Black "Çàéöåâà, Ëþäìèëà."]
[Result "1/2-1/2"]
[WhiteElo "2116"]
[BlackElo "1953"]
[PlyCount "114"]
[EventDate "2017.04.20"]

1. d4 Nf6 2. c4 e6 3. Nf3 b6 4. g3 Bb7 5. Bg2 d5 6. cxd5 exd5 7. O-O Bd6 8. Nc3
O-O 9. Nb5 Ne4 10. Nxd6 Nxd6 11. Bg5 f6 12. Bf4 Re8 13. h4 Qe7 14. Re1 Nd7 15.
Qb3 c5 16. Bxd6 Qxd6 17. dxc5 Nxc5 18. Qd1 Ne4 19. a3 Qc5 20. e3 Rac8 21. Nd4
g6 22. Bf1 Qd6 23. Bg2 Qc5 24. Qg4 Rc7 25. Ne6 Bc8 26. Nxc5 Bxg4 27. Na6 Rce7
28. f3 Bc8 29. fxe4 Bxa6 30. exd5 Rxe3 31. Rxe3 Rxe3 32. Rc1 Kf7 33. Rc7+ Re7
34. Rc3 Rd7 35. Kf2 Bb7 36. Ke3 Ke7 37. Kd4 Kd6 38. Rc2 Re7 39. Rf2 f5 40. g4
Re5 41. gxf5 gxf5 42. Rc2 Bxd5 43. Bxd5 Rxd5+ 44. Ke3 Ke6 45. Rc7 Rd7 46. Rc8
Kf6 47. Rf8+ Rf7 48. Rg8 Re7+ 49. Kf3 Rg7 50. Rf8+ Rf7 51. Rg8 Rg7 52. Rf8+ Ke6
53. Re8+ Kf7 54. Ra8 Kg6 55. Kf4 Rf7 56. Rg8+ Kh5 57. Rg2 Kh6 1/2-1/2

[Event "Ä15Â"]
[Site "Loo"]
[Date "2017.04.27"]
[Round "8.4"]
[White "Ãåòüìàí, Òàòüÿíà."]
[Black "Ïîïîâà, Èðèíà."]
[Result "1/2-1/2"]
[WhiteElo "1972"]
[BlackElo "1938"]
[PlyCount "93"]
[EventDate "2017.04.20"]

1. d4 Nf6 2. c4 e6 3. Nf3 Bb4+ 4. Bd2 Be7 5. Nc3 b6 6. e3 Bb7 7. Bd3 c5 8. O-O
O-O 9. e4 cxd4 10. Nxd4 d6 11. Qe2 Nbd7 12. f4 Qc7 13. Rad1 Rad8 14. Bc2 a6 15.
f5 e5 16. Nf3 Rb8 17. Bg5 Rfc8 18. Bxf6 Nxf6 19. Bd3 Bc6 20. a4 Qa7 21. Kh1 Nd7
22. g4 Nc5 23. Bc2 Qd7 24. Ra1 b5 25. axb5 axb5 26. b4 Nxe4 27. Bxe4 Bxe4 28.
Nxe4 bxc4 29. Nc3 Rxb4 30. Nd5 Rb5 31. Rfd1 Qb7 32. Nxe7+ Qxe7 33. Ra6 d5 34.
Qxe5 Qxe5 35. Nxe5 c3 36. Rc1 d4 37. Nc6 Kf8 38. Nxd4 Rb4 39. Ne2 Re8 40. Ng3
Rc8 41. Rc2 Rb2 42. Ra2 Rxa2 43. Rxa2 c2 44. Ne2 c1=Q+ 45. Nxc1 Rxc1+ 46. Kg2
Ke7 47. Ra6 1/2-1/2

[Event "Ä15Â"]
[Site "Loo"]
[Date "2017.04.27"]
[Round "8.5"]
[White "Âîñêðåñåíñêàÿ, Ìàðòà."]
[Black "Êóòÿíèíà, Ìàðèÿ."]
[Result "1-0"]
[WhiteElo "2009"]
[BlackElo "1922"]
[PlyCount "115"]
[EventDate "2017.04.20"]

1. d4 Nf6 2. Nf3 e6 3. c4 c5 4. d5 b5 5. Bg5 b4 6. e4 d6 7. Bd3 Be7 8. O-O O-O
9. Nbd2 Nxd5 10. exd5 Bxg5 11. dxe6 fxe6 12. Nxg5 Qxg5 13. Be4 d5 14. cxd5 Ba6
15. Re1 Bb7 16. dxe6 Bxe4 17. Nxe4 Qe7 18. Qd6 Re8 19. Qxe7 Rxe7 20. Nxc5 Nc6
21. Rad1 Rae8 22. Rd6 Nd8 23. Kf1 Rc7 24. Na6 Rc2 25. f3 Nb7 26. Rd7 Nc5 27.
Nxc5 Rxc5 28. Rxa7 b3 29. axb3 Rc6 30. e7 Rb6 31. Re3 Kf7 32. Ke2 Rc6 33. Kd2
Rd6+ 34. Kc2 Rc6+ 35. Kb1 Rd6 36. Re2 Rb6 37. Ka2 Rb5 38. Ka3 Rb6 39. b4 Rd6
40. Ka4 Rd1 41. Kb3 Rd6 42. Rb7 Rd3+ 43. Kc4 Rd1 44. Kb3 Rd3+ 45. Kc2 Rd4 46.
Rd2 Rc4+ 47. Kb3 Rc1 48. b5 Re1 49. Rc7 Re6 50. Kb4 Re5 51. b6 Rb8 52. b7 Rxe7
53. Rdd7 Rxd7 54. Rxd7+ Kf6 55. Kb5 Re8 56. Kb6 Ke6 57. Rxg7 Kd6 58. Ka7 1-0

[Event "Ä15Â"]
[Site "Loo"]
[Date "2017.04.27"]
[Round "8.6"]
[White "Áàéáóðèíà, Êàìèëëà."]
[Black "Àôàíàñüåâà, Àëåêñàíäðà."]
[Result "0-1"]
[WhiteElo "1825"]
[BlackElo "1950"]
[PlyCount "150"]
[EventDate "2017.04.20"]

1. e4 c5 2. Nf3 d6 3. d4 cxd4 4. Nxd4 Nf6 5. Nc3 Nc6 6. Be3 Ng4 7. Bb5 Nxe3 8.
Nxc6 Nxd1 9. Nxd8+ Kxd8 10. Rxd1 a6 11. Ba4 b5 12. Bb3 e6 13. O-O Bb7 14. Rfe1
Kc7 15. f3 Be7 16. a4 bxa4 17. Bxa4 Bf6 18. Rd3 Rhd8 19. f4 Rac8 20. Red1 Kb8
21. Rxd6 Rxd6 22. Rxd6 Bxc3 23. bxc3 Bxe4 24. Rxa6 Rxc3 25. Rb6+ Kc7 26. Rb2
Kd6 27. Bb3 Kc5 28. Ra2 Bf5 29. Ra7 Bg6 30. Kf2 Kb6 31. Rd7 Bxc2 32. Bxc2 Rxc2+
33. Kf3 Rc7 34. Rd8 Kc6 35. Rh8 h6 36. Rg8 f6 37. Re8 Kd6 38. Ra8 Ke7 39. Ra5
f5 40. h3 Kf6 41. g4 Rc3+ 42. Kg2 fxg4 43. hxg4 Rd3 44. g5+ hxg5 45. Rxg5 Rd5
46. Rg4 g6 47. Kf3 Rf5 48. Ke3 Rh5 49. Ke4 Rh1 50. Rg5 Re1+ 51. Kf3 Rd1 52. Ke4
Rd5 53. Rg4 Rh5 54. Rg3 e5 55. Rg4 exf4 56. Kxf4 Rf5+ 57. Kg3 Rg5 58. Kf4 Ra5
59. Kf3 g5 60. Ke4 Rf5 61. Ke3 Kg6 62. Ke4 Rf1 63. Rg3 Kh5 64. Ke3 Kh4 65. Rg2
g4 66. Rh2+ Kg3 67. Rh8 Kg2 68. Rg8 g3 69. Ke2 Rf5 70. Rg7 Re5+ 71. Kd2 Kf2 72.
Rf7+ Kg1 73. Rg7 g2 74. Rg8 Rh5 75. Ke1 Kh2 0-1

[Event "Ä15Â"]
[Site "Loo"]
[Date "2017.04.27"]
[Round "8.7"]
[White "Ïîäãîðíîâà, Àííà."]
[Black "Þðàñîâà, Äàðüÿ."]
[Result "0-1"]
[WhiteElo "1769"]
[BlackElo "1907"]
[PlyCount "101"]
[EventDate "2017.04.20"]

1. d4 d5 2. c4 e6 3. Nf3 Bb4+ 4. Nbd2 dxc4 5. Qa4+ Nc6 6. a3 Bxd2+ 7. Bxd2 Qd5
8. e3 b5 9. Qc2 h6 10. Be2 Nf6 11. O-O Bb7 12. Rfd1 O-O 13. Ne1 Qe4 14. Bc3
Qxc2 15. Nxc2 Ne7 16. Bb4 Rfe8 17. f3 Ned5 18. Bd2 Nb6 19. e4 Na4 20. Bc3 Nd7
21. Ne3 Ndb6 22. Kf2 Rad8 23. Rab1 Nxc3 24. bxc3 Ba8 25. Rb4 Na4 26. Rc1 c5 27.
dxc5 Nxc5 28. a4 Rd2 29. Ke1 Rxe2+ 30. Kxe2 Nd3 31. Rcb1 Nxb4 32. Rxb4 Bc6 33.
a5 Rd8 34. Rb2 Kf8 35. Nc2 Bb7 36. Nb4 g5 37. Ke3 Rd1 38. Ra2 Ke7 39. h3 h5 40.
Ke2 Rb1 41. Ke3 Kd6 42. Rd2+ Kc7 43. Kd4 Rb3 44. Rc2 f6 45. g3 Ra3 46. Ra2 e5+
47. Kc5 Rxc3 48. Rf2 Ra3 49. f4 exf4 50. gxf4 g4 51. hxg4 {
äàëåå çàïèñü íåðàçáîð~~èâà} 0-1

[Event "Ä15Â"]
[Site "Loo"]
[Date "2017.04.27"]
[Round "8.8"]
[White "Ãàðèôóëëèíà, Ëåÿ."]
[Black "Øåñòàêîâà, Åêàòåðèíà."]
[Result "1-0"]
[WhiteElo "2015"]
[BlackElo "1840"]
[PlyCount "91"]
[EventDate "2017.04.20"]

1. e4 c5 2. Nf3 e6 3. d4 cxd4 4. Nxd4 Nf6 5. Nc3 d6 6. Be3 a6 7. f3 Be7 8. Qd2
O-O 9. g4 b5 10. g5 Nfd7 11. h4 Bb7 12. a3 Nc6 13. O-O-O Nde5 14. Nxc6 Nxc6 15.
h5 f6 16. g6 Ne5 17. f4 Ng4 18. Bh3 Nxe3 19. Bxe6+ Kh8 20. Qxe3 h6 21. Rd2 f5
22. Bd5 Qc7 23. Rhd1 Rae8 24. Bf7 Rd8 25. exf5 Bf6 26. Nd5 Bxd5 27. Rxd5 Qc6
28. Qd3 b4 29. Rxd6 Rxd6 30. Qxd6 Qxd6 31. Rxd6 bxa3 32. bxa3 a5 33. Rd5 a4 34.
Ra5 Rb8 35. Rxa4 Bb2+ 36. Kd2 Rd8+ 37. Ke3 Bxa3 38. Ke4 Bb2 39. Rc4 Be5 40. Bd5
Bf6 41. Rc6 Ra8 42. Rxf6 Ra4+ 43. Ke5 gxf6+ 44. Kxf6 Ra7 45. c4 Rg7 46. Ke6 1-0

[Event "Ä15Â"]
[Site "Loo"]
[Date "2017.04.27"]
[Round "8.9"]
[White "Ëîñêóòîâà, Âèêòîðèÿ."]
[Black "Ôèëèïïîâà, Ìàðãàðèòà."]
[Result "0-1"]
[WhiteElo "1981"]
[BlackElo "1767"]
[PlyCount "64"]
[EventDate "2017.04.20"]

1. e4 e6 2. d4 d5 3. Nc3 Nf6 4. exd5 exd5 5. Bd3 c5 6. dxc5 Bxc5 7. Nge2 O-O 8.
O-O h6 9. Ng3 Bg4 10. Nce2 Re8 11. Kh1 Bxe2 12. Bxe2 Nc6 13. f3 Ne5 14. b3 Qb6
15. Bb2 Rad8 16. Bd3 Kh8 17. Nf5 d4 18. a3 a5 19. Qd2 Nd5 20. Rfe1 a4 21. b4
Nxb4 22. axb4 Bxb4 23. Qe2 Bxe1 24. Bxd4 Rxd4 25. Nxd4 Bc3 26. Qe4 g6 27. Rd1
Qxd4 28. Qxd4 Bxd4 29. Bb5 Nc6 30. Bxa4 Ra8 31. Bxc6 bxc6 32. h3 Ra4 0-1

[Event "Ä15Â"]
[Site "Loo"]
[Date "2017.04.27"]
[Round "8.10"]
[White "Òîëêà÷åâà, Àííà."]
[Black "Ãóòêîâè÷, Ïîëèíà."]
[Result "0-1"]
[WhiteElo "1656"]
[BlackElo "1952"]
[PlyCount "66"]
[EventDate "2017.04.20"]

1. e4 c5 2. Nf3 Nc6 3. d4 cxd4 4. Nxd4 Nf6 5. Nc3 e5 6. Ndb5 d6 7. Nd5 Nxd5 8.
exd5 Nb8 9. c4 a6 10. Nc3 Be7 11. Bd3 O-O 12. Be3 f5 13. f3 Bh4+ 14. g3 Bg5 15.
Bxg5 Qxg5 16. Qd2 Qe7 17. O-O-O Nd7 18. Kb1 Nc5 19. Bc2 Qc7 20. h4 b5 21. cxb5
axb5 22. Nxb5 Qb6 23. Nc3 Bd7 24. Rh2 Rfb8 25. b3 Ra3 26. Re1 Rba8 27. Bd1 Bb5
28. Bc2 Bc4 29. Qe3 Qb4 30. Kc1 Rxa2 31. Nxa2 Rxa2 32. bxc4 Ra1+ 33. Bb1 Rxb1+
0-1

[Event "Ä15Â"]
[Site "Loo"]
[Date "2017.04.27"]
[Round "8.11"]
[White "Äóáíèêîâà, Àíàñòàñèÿ."]
[Black "Ëåâè÷åâà, Åêàòåðèíà."]
[Result "1-0"]
[WhiteElo "1697"]
[BlackElo "1884"]
[PlyCount "65"]
[EventDate "2017.04.20"]

1. d4 Nf6 2. c4 g6 3. Nc3 Bg7 4. e4 d6 5. Nf3 O-O 6. Be2 Nbd7 7. O-O e5 8. Be3
exd4 9. Nxd4 Nc5 10. f3 c6 11. Nc2 Ne6 12. Qd2 Qc7 13. Rfd1 Rd8 14. b4 Qe7 15.
Rab1 Nc7 16. b5 c5 17. Bxc5 Nfe8 18. Bd4 Nf6 19. Nb4 Ne6 20. Be3 Nh5 21. Ncd5
Qh4 22. Bf2 Qg5 23. Qxg5 Nxg5 24. Bh4 f6 25. g4 Nh3+ 26. Kf1 g5 27. Bg3 N3f4
28. Bxf4 Nxf4 29. Nxf4 gxf4 30. Nd5 a6 31. Nc7 Rb8 32. bxa6 b6 33. a7 1-0

[Event "Ä15Â"]
[Site "Loo"]
[Date "2017.04.27"]
[Round "8.12"]
[White "Êîêóåâà, Àëèñà."]
[Black "Ïîãîðåëüñêèõ, Ñîôüÿ."]
[Result "0-1"]
[WhiteElo "1552"]
[BlackElo "1880"]
[PlyCount "53"]
[EventDate "2017.04.20"]

1. e4 c5 2. Nf3 d6 3. d4 cxd4 4. Nxd4 Nf6 5. f3 Nc6 6. c4 Qb6 7. Nc2 g6 8. Nc3
Bg7 9. Be3 Qxb2 10. Qd2 Nd7 11. Na4 Qe5 12. Be2 Qa5 13. Qxa5 Nxa5 14. Bd4 O-O
15. O-O b6 16. Nc3 Bb7 17. Nd5 Bxd5 18. Bxg7 Kxg7 19. cxd5 Rfc8 20. Nd4 Nc5 21.
Rab1 Kf8 22. Rfc1 Na4 23. Ba6 Rxc1+ 24. Rxc1 Nc5 25. Be2 Ke8 26. Nb5 Kd7 27.
Kf2 {äàëåå çàïèñü íåðàçáîð~~èâà} 0-1

[Event "Ä15Â"]
[Site "Loo"]
[Date "2017.04.27"]
[Round "8.13"]
[White "Ñîñíèíà, Åêàòåðèíà."]
[Black "Ãèðøãîðí, Ìàðèÿ."]
[Result "1-0"]
[WhiteElo "1812"]
[BlackElo "1813"]
[PlyCount "95"]
[EventDate "2017.04.20"]

1. e4 c5 2. Nf3 d6 3. d4 cxd4 4. Nxd4 Nf6 5. Nc3 a6 6. Bc4 e6 7. Bb3 Be7 8. g4
O-O 9. g5 Ne8 10. h4 Nc6 11. Be3 Nxd4 12. Qxd4 b5 13. f4 e5 14. fxe5 Bg4 15.
Rg1 Bh5 16. exd6 Nxd6 17. Kd2 b4 18. Nd5 Bg6 19. Rad1 Nxe4+ 20. Kc1 Bc5 21. Qc4
Bxe3+ 22. Nxe3 Qc8 23. Qxb4 Nf2 24. Nd5 Kh8 25. Nb6 Qb8 26. Rdf1 Ne4 27. h5
Bxh5 28. Bd5 Ng3 29. Bxa8 Nxf1 30. Rxf1 Be2 31. Rh1 Re8 32. Qh4 h5 33. gxh6
Qxb6 34. hxg7+ Kxg7 35. Qh7+ Kf8 36. Qh8+ Ke7 37. Qe5+ Qe6 38. Qg5+ Qf6 39. Qg2
Qf5 40. Kb1 Qg4 41. Qb7+ Kf6 42. Qb6+ Re6 43. Qd8+ Ke5 44. Qb8+ Kf6 45. Rh6+
Kf5 46. Rh1 Bb5 47. Bd5 Rd6 48. Qxd6 1-0

[Event "Ä15Â"]
[Site "Loo"]
[Date "2017.04.27"]
[Round "8.14"]
[White "Ïèêàëîâà, Ñîôüÿ."]
[Black "Çàêóðèíà, Ìàðèÿ."]
[Result "1-0"]
[WhiteElo "1800"]
[BlackElo "1704"]
[PlyCount "99"]
[EventDate "2017.04.20"]

1. e4 e5 2. Nf3 Nc6 3. Bb5 Nf6 4. O-O Bc5 5. Nxe5 Nxe5 6. d4 Qe7 7. Bg5 O-O 8.
Nc3 c6 9. Be2 Bb6 10. Kh1 Ng6 11. e5 Nxe5 12. dxe5 Qxe5 13. f4 Qe7 14. Bd3 d5
15. Re1 Qd6 16. Qf3 Bc7 17. Rf1 Re8 18. Rae1 Bd7 19. Qg3 h6 20. Bxf6 Qxf6 21.
Rxe8+ Rxe8 22. Qf3 Bf5 23. h3 Bxd3 24. Qxd3 Qe6 25. Kg1 Qe3+ 26. Qxe3 Rxe3 27.
f5 Bb6 28. Kh1 Bd4 29. Nd1 Re2 30. c3 Bb6 31. Kh2 Bc7+ 32. Kg1 Bg3 33. a4 Kf8
34. Rf3 Re1+ 35. Rf1 Rxf1+ 36. Kxf1 Ke7 37. Ke2 Kd6 38. Kf3 Be5 39. b4 b6 40.
g4 c5 41. b5 c4 42. Ke3 Kc5 43. Kd2 d4 44. Kc2 dxc3 45. Nxc3 Bxc3 46. Kxc3 Kd5
47. h4 Kc5 48. h5 Kd5 49. g5 Kc5 50. f6 1-0

[Event "Ä15Â"]
[Site "Loo"]
[Date "2017.04.27"]
[Round "8.15"]
[White "Ýôåíäèåâà, Àëèíà."]
[Black "Äàâûäîâà, Êèðà."]
[Result "0-1"]
[WhiteElo "1661"]
[BlackElo "1769"]
[PlyCount "81"]
[EventDate "2017.04.20"]

1. e4 c5 2. Nf3 e6 3. d4 cxd4 4. Nxd4 a6 5. Bd3 Qc7 6. O-O Nf6 7. Qe2 d6 8. c4
Nbd7 9. b3 Be7 10. Bb2 b6 11. f4 Bb7 12. Nc3 O-O 13. Rae1 Rfe8 14. e5 dxe5 15.
fxe5 Nxe5 16. Qxe5 Qxe5 17. Rxe5 Rad8 18. Nce2 Bd6 19. Re3 e5 20. Kh1 exd4 21.
Rxe8+ Rxe8 22. Bxd4 Ng4 23. h3 Ne5 24. Bxe5 Rxe5 25. Nd4 Re3 26. Bf5 Bc5 27.
Nf3 g6 28. Bb1 Re2 29. Nh4 Kg7 30. Nf3 Bc6 31. Ne1 Bd6 32. Bd3 Rxa2 33. Nc2 Rb2
34. Rd1 Bc5 35. b4 Bxb4 36. Nxb4 Rxb4 37. c5 bxc5 38. Bxa6 Rb2 39. Bf1 c4 40.
Rc1 Bd5 41. h4 {äàëåå çàïèñü íåðàçáîð~~èâà} 0-1

[Event "Ä15Â"]
[Site "Loo"]
[Date "2017.04.27"]
[Round "8.16"]
[White "Ñâåòëîâà, Êñåíèÿ."]
[Black "Ìèõàéëîâà, Þëèÿ."]
[Result "1/2-1/2"]
[WhiteElo "1676"]
[BlackElo "1733"]
[PlyCount "68"]
[EventDate "2017.04.20"]

1. e4 c5 2. d4 cxd4 3. c3 dxc3 4. Nxc3 e6 5. Nf3 Nc6 6. Bc4 d6 7. O-O Nf6 8.
Qe2 Be7 9. Rd1 Qc7 10. Nb5 Qb8 11. Bf4 e5 12. Bg5 O-O 13. Bxf6 Bxf6 14. Nxd6
Bg4 15. Nf5 Bxf5 16. exf5 Rd8 17. Qe4 Rd6 18. Bd5 Qd8 19. Qc4 Kf8 20. Qe4 Rc8
21. Bb3 b6 22. Rxd6 Qxd6 23. Rd1 Nd4 24. Nxd4 exd4 25. Re1 Qd7 26. Qd3 Re8 27.
Rd1 Rd8 28. Re1 Re8 29. Rd1 Qc6 30. Qa6 Qc7 31. Qd3 Qf4 32. Qc4 Re7 33. Qc8+
Re8 34. Qc4 Re7 1/2-1/2

[Event "Ä15Â"]
[Site "Loo"]
[Date "2017.04.27"]
[Round "8.17"]
[White "Áàèøåâà, Íüóðãóéààíà."]
[Black "Ïóäàëåâà, Çëàòà."]
[Result "1/2-1/2"]
[WhiteElo "1728"]
[BlackElo "1702"]
[PlyCount "100"]
[EventDate "2017.04.20"]

1. e4 c6 2. c4 d5 3. exd5 cxd5 4. cxd5 Qxd5 5. Nc3 Qd8 6. d4 e6 7. Nf3 Nf6 8.
Bc4 Nbd7 9. Bf4 Nb6 10. Qb3 Nfd5 11. Bxd5 Nxd5 12. Be5 b6 13. Nxd5 Qxd5 14.
Qxd5 exd5 15. O-O f6 16. Bf4 Kd7 17. Rac1 Bd6 18. Bxd6 Kxd6 19. Rc3 Bd7 20.
Rfc1 Rac8 21. Rxc8 Rxc8 22. Rxc8 Bxc8 23. Kf1 Ba6+ 24. Ke1 Ke6 25. Kd2 Kf5 26.
Ke3 Bf1 27. Ne1 g5 28. Kf3 h5 29. h3 h4 30. Nc2 Ke6 31. Ne3 Bd3 32. Kg4 a5 33.
g3 hxg3 34. Kxg3 Bf5 35. f3 b5 36. a3 a4 37. Nd1 Bd3 38. Ne3 Bf5 39. Ng4 Bd3
40. f4 Be4 41. Ne3 Kf7 42. Kg4 Kg6 43. fxg5 fxg5 44. Nf1 Bf5+ 45. Kg3 Kh5 46.
Ne3 Be4 47. Ng4 Kg6 48. Ne3 Kh6 49. Nd1 Bd3 50. Nc3 Bc4 1/2-1/2

[Event "Ä15Â"]
[Site "Loo"]
[Date "2017.04.27"]
[Round "8.18"]
[White "Áóðíÿøåâà, Åëåíà."]
[Black "Öâåòêîâà, Âëàäèñëàâà."]
[Result "1-0"]
[WhiteElo "1721"]
[BlackElo "1615"]
[PlyCount "117"]
[EventDate "2017.04.20"]

1. e4 c6 2. d4 d5 3. Nc3 dxe4 4. Nxe4 Nf6 5. Nxf6+ gxf6 6. Nf3 Bg4 7. Be2 Qc7
8. Nh4 Bxe2 9. Qxe2 Nd7 10. O-O O-O-O 11. g3 e6 12. c4 c5 13. Be3 cxd4 14. Bxd4
Bc5 15. Bc3 Rhg8 16. Kh1 f5 17. b4 Be7 18. Nxf5 Bf6 19. Bxf6 Nxf6 20. Ne3 Qc6+
21. f3 Nh5 22. Qf2 f5 23. b5 Qc7 24. f4 Nf6 25. Ng2 Kb8 26. Qe3 Ne4 27. Rac1
Qc5 28. Qxc5 Nxc5 29. Rc2 Rd4 30. Nh4 Rgd8 31. Nf3 Rd3 32. Kg2 h6 33. Re1 Kc7
34. Ree2 Kb6 35. Ne5 R3d4 36. Nf7 R8d7 37. Nxh6 Rh7 38. Ng8 Rd8 39. Nf6 Rh6 40.
g4 Rxf6 41. g5 Rf7 42. Re5 Rd6 43. a4 Rc7 44. h4 Nd3 45. c5+ Rxc5 46. Rexc5
Nxc5 47. g6 e5 48. h5 Ne6 49. fxe5 Rd4 50. Kf3 Rh4 51. Rg2 Ng7 52. e6 Rxh5 53.
e7 Rh8 54. Kf4 Re8 55. Re2 Kc7 56. Kg5 Kd7 57. Kf6 Nh5+ 58. Kf7 Rc8 59. Rd2+
1-0

[Event "Ä15Â"]
[Site "Loo"]
[Date "2017.04.27"]
[Round "8.19"]
[White "Òåðåøå÷êèíà, Òàèñèÿ."]
[Black "Êîíîâà, Ïîëèíà."]
[Result "0-1"]
[WhiteElo "1711"]
[BlackElo "1592"]
[PlyCount "78"]
[EventDate "2017.04.20"]

1. d4 d5 2. g3 c6 3. Bg2 Nf6 4. Nf3 h6 5. O-O Bf5 6. c4 e6 7. Nc3 Nbd7 8. Bf4
Be7 9. c5 Nh5 10. Be3 Bh7 11. b4 b5 12. a4 a6 13. Ne5 Nxe5 14. dxe5 g5 15. Bd4
Ng7 16. g4 O-O 17. Qd2 f5 18. f3 Qe8 19. axb5 axb5 20. Rxa8 Qxa8 21. Qb2 Qb7
22. Ra1 fxg4 23. fxg4 Rf4 24. e3 Rxg4 25. Ra2 Nf5 26. Qa1 Nh4 27. Ra7 Rxg2+ 28.
Kh1 Qc8 29. Ra8 Qxa8 30. Qxa8+ Kf7 31. Qxc6 Rc2 32. e4 Rc1+ 33. Bg1 Rxc3 34. h3
Bxe4+ 35. Kh2 Rc2+ 36. Bf2 Rxf2+ 37. Kg1 Rg2+ 38. Kf1 Bd3+ 39. Ke1 Nf3+ 0-1

[Event "Ä15Â"]
[Site "Loo"]
[Date "2017.04.27"]
[Round "8.20"]
[White "Àëôåðîâà, Ïîëèíà."]
[Black "Ðûáàêîâà, Àíàñòàñèÿ."]
[Result "1/2-1/2"]
[WhiteElo "1712"]
[BlackElo "1812"]
[PlyCount "89"]
[EventDate "2017.04.20"]

1. e4 c5 2. c3 e6 3. d4 d5 4. exd5 exd5 5. Nf3 Nc6 6. Be2 Bf5 7. O-O Bd6 8. Re1
Nge7 9. Be3 cxd4 10. Nxd4 O-O 11. Qb3 Nxd4 12. Bxd4 Qc7 13. h3 Rfe8 14. Na3 a6
15. c4 Bxa3 16. bxa3 Be6 17. cxd5 Bxd5 18. Qb2 Nf5 19. Rac1 Qd6 20. Bd3 Qf4 21.
Bxf5 Qxf5 22. f3 Qg6 23. Kh1 Bc6 24. Bf2 h6 25. Rcd1 Rad8 26. Rxe8+ Rxe8 27.
Rd4 Qf6 28. Qd2 Qe6 29. Rg4 h5 30. Rh4 Qe5 31. Rd4 Qe2 32. Rd6 Qxd2 33. Rxd2 f6
34. Kh2 Kf7 35. Kg3 Re5 36. Bb6 Rb5 37. Bf2 g5 38. Kh2 Ke6 39. Bg3 Bd5 40. Bc7
Rc5 41. Bb6 Rc3 42. a4 Ra3 43. a5 h4 44. Re2+ Kf5 45. Rd2 1/2-1/2

[Event "Ä15Â"]
[Site "Loo"]
[Date "2017.04.27"]
[Round "8.21"]
[White "Àëèâåðäèåâà, Ýëèíà."]
[Black "Ùåäðîâà, Òàòüÿíà."]
[Result "1-0"]
[WhiteElo "1674"]
[BlackElo "1547"]
[PlyCount "57"]
[EventDate "2017.04.20"]

1. e4 c6 2. Nc3 d5 3. Nf3 Bg4 4. h3 Bh5 5. exd5 cxd5 6. g4 Bg6 7. Bb5+ Nc6 8.
Ne5 Rc8 9. d4 e6 10. h4 Bb4 11. h5 Be4 12. f3 Nge7 13. fxe4 dxe4 14. O-O O-O
15. Bxc6 Nxc6 16. Nxc6 Rxc6 17. Nxe4 f5 18. Ng3 Qh4 19. Bf4 fxg4 20. Qd3 Rcc8
21. c3 Ba5 22. Qe3 Rce8 23. Bg5 Qh3 24. Rxf8+ Rxf8 25. Qxe6+ Kh8 26. Qd6 Rc8
27. Rf1 Rg8 28. h6 Bb6 29. hxg7+ 1-0

[Event "Ä15Â"]
[Site "Loo"]
[Date "2017.04.27"]
[Round "8.22"]
[White "Áàíäóðèíà, Ñîôèÿ."]
[Black "Åðîõîâà, Âèîëåòòà."]
[Result "1-0"]
[WhiteElo "1717"]
[BlackElo "1746"]
[PlyCount "145"]
[EventDate "2017.04.20"]

1. Nf3 d5 2. b3 c5 3. e3 Bf5 4. Bb2 e6 5. Bb5+ Nc6 6. O-O Nf6 7. d3 Be7 8. Nbd2
O-O 9. Bxc6 bxc6 10. Ne5 Qc7 11. f4 h6 12. g4 Bh7 13. Rf3 Nd7 14. Nxd7 Qxd7 15.
Rh3 f6 16. Qe1 Qe8 17. Nf3 Qg6 18. Qg3 Rad8 19. Kh1 Bd6 20. Rg1 Rfe8 21. Qg2 e5
22. g5 hxg5 23. fxg5 Re7 24. Nh4 Qxg5 25. Qf1 Qh5 26. Ng6 Qxg6 27. Rxg6 Bxg6
28. Rg3 Bh7 29. Qxf6 Rdd7 30. Qh4 Re6 31. Qg4 Rde7 32. e4 d4 33. h4 Bg6 34. h5
Be8 35. Bc1 Bd7 36. Qe2 Kh7 37. Bg5 Rf7 38. Rf3 Rxf3 39. Qxf3 Be7 40. Qf5+ Kg8
41. Bxe7 Rxe7 42. Qg5 Kf8 43. h6 gxh6 44. Qxh6+ Kf7 45. Qd6 Be8 46. Qxc5 Kf6
47. Qd6+ Kf7 48. Kg2 Bd7 49. Kf2 Be8 50. Ke1 Bd7 51. Kd2 Be8 52. Kc1 Bd7 53.
Kb2 Be8 54. Qc5 Ke6 55. c3 dxc3+ 56. Kxc3 Kf7 57. a3 Ke6 58. d4 exd4+ 59. Kxd4
Rd7+ 60. Ke3 Rb7 61. b4 a6 62. Qa5 Ra7 63. Qb6 Rh7 64. Qxa6 Rh3+ 65. Kd4 Rh1
66. Qc8+ Bd7 67. Qg8+ Ke7 68. Qg5+ Ke8 69. Kc5 Re1 70. Qh5+ Kf8 71. Qh8+ Kf7
72. Qd4 Rc1+ 73. Kb6 1-0

[Event "Ä15Â"]
[Site "Loo"]
[Date "2017.04.27"]
[Round "8.23"]
[White "Ñóðêîâà, Ñîôüÿ."]
[Black "Êðèêóíîâà, Îëåñÿ."]
[Result "1/2-1/2"]
[WhiteElo "1618"]
[BlackElo "1847"]
[PlyCount "92"]
[EventDate "2017.04.20"]

1. e4 d6 2. d4 Nf6 3. Nc3 e5 4. Nf3 Nbd7 5. Bc4 Be7 6. O-O O-O 7. Re1 c6 8. a4
exd4 9. Nxd4 Ne5 10. Bb3 Re8 11. f4 Ng6 12. e5 dxe5 13. fxe5 Bc5 14. exf6 Bxd4+
15. Kh1 Bxf6 16. Qxd8 Rxd8 17. Ne4 Be7 18. Bg5 h6 19. Nd6 Rxd6 20. Bxe7 Rd2 21.
Bb4 Rd8 22. Be7 Re8 23. Bc5 Bf5 24. Rf1 Be6 25. Bxe6 Rxe6 26. Rae1 b6 27. Rxe6
fxe6 28. Be3 Rd8 29. g3 Rd5 30. Kg2 Ne5 31. b3 Ng4 32. Bc1 Nf6 33. Bxh6 Kf7 34.
Bc1 Ke7 35. Re1 Kd6 36. h3 a6 37. g4 b5 38. axb5 axb5 39. Kf3 b4 40. Re2 Ke7
41. Bd2 c5 42. Be3 Nd7 43. h4 Ne5+ 44. Kg3 Nd7 45. Bg5+ Nf6 46. Bxf6+ Kxf6
1/2-1/2

[Event "Ä15Â"]
[Site "Loo"]
[Date "2017.04.27"]
[Round "8.24"]
[White "Êàðåëèíà, Âèêòîðèÿ."]
[Black "Òóðêî, Àíàñòàñèÿ."]
[Result "1/2-1/2"]
[WhiteElo "1826"]
[BlackElo "1719"]
[PlyCount "110"]
[EventDate "2017.04.20"]

1. e4 g6 2. Nf3 Bg7 3. d4 d6 4. c4 Nf6 5. Nc3 O-O 6. Bd3 Nbd7 7. b3 e5 8. Bb2
Nh5 9. Ne2 Qe7 10. O-O f5 11. Nc3 Nf4 12. Nd5 Nxd5 13. cxd5 fxe4 14. Bxe4 exd4
15. Re1 Ne5 16. Nxd4 Qh4 17. f3 Ng4 18. fxg4 Qf2+ 19. Kh1 Qxb2 20. Nb5 Qxa1 21.
Qxa1 Bxa1 22. Rxa1 Bxg4 23. Nxc7 Rad8 24. h3 Bf5 25. Bf3 Bxh3 26. Ne6 Bxe6 27.
dxe6 Rxf3 28. gxf3 Rc8 29. Rd1 Rc6 30. Rd4 Kg7 31. Rf4 Rc7 32. Rd4 Rc6 33. Rf4
Rc7 34. Rd4 Kf6 35. Rxd6 Ke7 36. Rd4 Kxe6 37. Re4+ Kf6 38. Rf4+ Kg5 39. Rg4+
Kf5 40. Rd4 Rc1+ 41. Kg2 Rc2+ 42. Kg3 Rxa2 43. Rd7 b6 44. Rxh7 Ra3 45. Rd7 a5
46. Rd5+ Ke6 47. Rb5 a4 48. Rxb6+ Kf5 49. bxa4 Rxa4 50. Rb5+ Kf6 51. f4 Ra6 52.
Kg4 Rc6 53. Rb8 Rd6 54. Rf8+ Kg7 55. Re8 Kf6 1/2-1/2

[Event "Ä15Â"]
[Site "Loo"]
[Date "2017.04.27"]
[Round "8.25"]
[White "Óñà÷åâà, Ãëàôèðà."]
[Black "Óñêîâà, Òàèñèÿ."]
[Result "1-0"]
[WhiteElo "1705"]
[BlackElo "1798"]
[PlyCount "85"]
[EventDate "2017.04.20"]

1. e4 e5 2. Nf3 Nc6 3. Bc4 Bc5 4. c3 Nf6 5. d3 h6 6. Bb3 O-O 7. O-O d6 8. Nbd2
Be6 9. Bc2 d5 10. Qe2 dxe4 11. dxe4 Qe7 12. Nc4 Bg4 13. h3 Bh5 14. Be3 Bxe3 15.
Nxe3 Qc5 16. Nf5 Rad8 17. Rad1 a6 18. Ng3 Bxf3 19. Qxf3 Ne7 20. Nf5 Nxf5 21.
Qxf5 Qe7 22. Bb3 Nd7 23. Rd5 c6 24. Rd2 Nc5 25. Rfd1 Nxb3 26. axb3 Rxd2 27.
Rxd2 Rd8 28. Rxd8+ Qxd8 29. Kh2 Qf6 30. Qxf6 gxf6 31. Kg3 Kg7 32. f4 exf4+ 33.
Kxf4 Kg6 34. g4 a5 35. b4 a4 36. c4 b6 37. c5 b5 38. e5 fxe5+ 39. Kxe5 Kg5 40.
Kd6 h5 41. Kxc6 hxg4 42. hxg4 Kxg4 43. Kxb5 1-0

[Event "Ä15Â"]
[Site "Loo"]
[Date "2017.04.27"]
[Round "8.26"]
[White "Ñû÷, Àëèíà."]
[Black "Òèòèåâñêàÿ, Åëèçàâåòà."]
[Result "1-0"]
[WhiteElo "1478"]
[BlackElo "1762"]
[PlyCount "108"]
[EventDate "2017.04.20"]

1. d4 Nf6 2. Nf3 d5 3. c4 e6 4. e3 c6 5. Nc3 Nbd7 6. Be2 Be7 7. O-O O-O 8. b3
Re8 9. Bb2 Nf8 10. Ne5 Ng6 11. f4 Nd7 12. Bd3 Ngxe5 13. fxe5 f6 14. Qh5 Nf8 15.
exf6 Bxf6 16. Rxf6 gxf6 17. Ba3 f5 18. Rf1 Bd7 19. g4 Qf6 20. Rf3 Kh8 21. Kh1
Qg6 22. Qh3 Qxg4 23. Qf1 Ng6 24. cxd5 exd5 25. Rg3 Qh5 26. Rh3 Qg5 27. Rg3 Qh6
28. Rh3 Qg7 29. Bxf5 Bxf5 30. Qxf5 Rg8 31. Rg3 Rae8 32. Bd6 Qh6 33. Rh3 Rxe3
34. Qf6+ Qg7 35. Qxg7+ Rxg7 36. Rxe3 Rf7 37. Kg2 Nh4+ 38. Kh3 Rf3+ 39. Rxf3
Nxf3 40. Kg3 Ng5 41. Be5+ Kg8 42. Kg4 Ne6 43. Kf5 Kf7 44. Na4 b6 45. Nc3 b5 46.
Ne2 a5 47. Nf4 Nd8 48. Bc7 Nb7 49. Ne6 Ke7 50. Nc5 Nd6+ 51. Bxd6+ Kxd6 52. Nb7+
Kc7 53. Nxa5 Kb6 54. b4 Kc7 1-0